Tribhuvan University Central Library

Principles of auditing (Record no. 51278)

MARC details
000 -LEADER
fixed length control field 00569 a2200217 4500
082 ## - DEWEY DECIMAL CLASSIFICATION NUMBER
Classification number 657.64
Item number M476p
100 ## - MAIN ENTRY--PERSONAL NAME
Personal name Meigs, Walter B.
9 (RLIN) 10339
245 ## - TITLE STATEMENT
Title Principles of auditing
250 ## - EDITION STATEMENT
Edition statement 8th edn.
260 ## - PUBLICATION, DISTRIBUTION, ETC.
Place of publication, distribution, etc. Home Wood
Name of publisher, distributor, etc. Richard D. Irwin
Date of publication, distribution, etc. 1985
300 ## - PHYSICAL DESCRIPTION
Extent xii, 657p.
Other physical details figs.
650 ## - SUBJECT ADDED ENTRY--TOPICAL TERM
Topical term or geographic name entry element Auditing
650 ## - SUBJECT ADDED ENTRY--TOPICAL TERM
Topical term or geographic name entry element Market management
9 (RLIN) 10795
650 ## - SUBJECT ADDED ENTRY--TOPICAL TERM
Topical term or geographic name entry element Economic stabilization
9 (RLIN) 3471
650 ## - SUBJECT ADDED ENTRY--TOPICAL TERM
Topical term or geographic name entry element Debt
9 (RLIN) 2407
650 ## - SUBJECT ADDED ENTRY--TOPICAL TERM
Topical term or geographic name entry element Budgeting method
650 ## - SUBJECT ADDED ENTRY--TOPICAL TERM
Topical term or geographic name entry element Budgetary control
9 (RLIN) 9864
650 ## - SUBJECT ADDED ENTRY--TOPICAL TERM
Topical term or geographic name entry element Budgeting method
653 ## - INDEX TERM--UNCONTROLLED
Uncontrolled term Accounting
942 ## - ADDED ENTRY ELEMENTS (KOHA)
Source of classification or shelving scheme Dewey Decimal Classification
Koha item type General Collections
Holdings
Withdrawn status Lost status Source of classification or shelving scheme Damaged status Not for loan Home library Current library Date acquired Total Checkouts Full call number Barcode Date last seen Price effective from Koha item type
    Dewey Decimal Classification     Tribhuvan University Central Library Tribhuvan University Central Library 01/17/2011   657.64 M476p G37131 01/17/2011 01/17/2011 General Collections